[Event "39th Olympiad Women"]
[Site "Khanty-Mansiysk RUS"]
[Date "2010.09.27"]
[Round "6"]
[White "Cimaj, Rozana"]
[Black "Aliaga Fernandez, Ingrid Y"]
[Result "0-1"]
[BlackTitle "WFM"]
[WhiteElo "1972"]
[BlackElo "2134"]
[Board "21.3"]
[WhiteTeam "ALB"]
[BlackTeam "PER"]
[WhiteFideId "4700147"]
[BlackFideId "3802191"]
[EventDate "2010.09.21"]
[EventType "team"]

1. e4 c5 2. Nf3 d6 3. d4 cxd4 4. Nxd4 Nf6 5. Nc3 a6 6. Be3 e6 7. Be2 Qc7 8. O-O
Be7 9. f4 Nc6 10. Nb3 b5 11. a3 O-O 12. Qe1 Bb7 13. Qg3 Kh8 14. Nd2 Na5 15. Bd4
Rac8 16. Kh1 Nc6 17. Be3 Nd7 18. Nf3 Bf6 19. Rad1 Na5 20. Bd3 Nc4 21. Bc1 Rcd8
22. Ng5 h6 23. Qh3 Nc5 24. e5 dxe5 25. fxe5 Bxe5 26. Nxe6 fxe6 27. Bxh6 gxh6 28.
Qxh6+ Kg8 29. Qg5+ Qg7 30. Bh7+ Kxh7 31. Qh4+ Kg8 32. Rxd8 0-1

[Event "39th Olympiad Women"]
[Site "Khanty-Mansiysk RUS"]
[Date "2010.09.27"]
[Round "6"]
[White "Orbezo Rosales, Ximena Lucia"]
[Black "Pasku, Roela"]
[Result "1/2-1/2"]
[BlackTitle "WCM"]
[WhiteElo "1836"]
[BlackElo "1912"]
[Board "21.4"]
[WhiteTeam "PER"]
[BlackTeam "ALB"]
[WhiteFideId "3807410"]
[BlackFideId "4700708"]
[EventDate "2010.09.21"]
[EventType "team"]

1. e4 d6 2. d4 g6 3. Nc3 Nf6 4. f4 Bg7 5. Nf3 c5 6. dxc5 Qa5 7. Bd3 Qxc5 8. Qe2
Nc6 9. Be3 Qa5 10. h3 O-O 11. O-O Nh5 12. Kh2 a6 13. g4 Nf6 14. a4 h5 15. g5 Nd7
16. Nh4 Nc5 17. Bc4 e6 18. f5 Be5+ 19. Kg2 Ne7 20. fxg6 Nxg6 21. Nxg6 fxg6 22.
Rxf8+ Kxf8 23. Qf3+ Ke7 24. Rf1 Bd7 25. Qf7+ Kd8 26. Qg8+ Be8 27. Rf8 Kd7 28.
Bxc5 Qxc5 29. Qxe6+ Kc6 30. Rxe8 Rxe8 31. Qxe8+ Kb6 32. Qd8+ Ka7 33. Bd5 Qe3 34.
Qd7 Qg3+ 35. Kf1 Qf3+ 36. Ke1 Bg3+ 37. Kd2 Bf4+ 38. Ke1 Bg3+ 39. Kd2 Bf4+ 1/2-1/2

[Event "39th Olympiad Women"]
[Site "Khanty-Mansiysk RUS"]
[Date "2010.09.27"]
[Round "6"]
[White "Ptacnikova, Lenka"]
[Black "Repkova, Eva"]
[Result "1-0"]
[WhiteTitle "WGM"]
[BlackTitle "IM"]
[WhiteElo "2282"]
[BlackElo "2447"]
[Board "22.1"]
[WhiteTeam "ISL"]
[BlackTeam "SVK"]
[WhiteFideId "305650"]
[BlackFideId "14900440"]
[EventDate "2010.09.21"]
[EventType "team"]

1. e4 e6 2. d4 d5 3. Nd2 c5 4. exd5 Qxd5 5. Ngf3 cxd4 6. Bc4 Qd6 7. O-O Nf6 8.
Nb3 Nc6 9. Nbxd4 Nxd4 10. Nxd4 a6 11. Re1 Qc7 12. Qe2 Bd7 13. Bg5 O-O-O 14. a4
Bc5 15. c3 h5 16. b4 Bd6 17. h3 e5 18. Nb5 axb5 19. axb5 Bf5 20. b6 Qxb6 21. Be3
Qc7 22. Bb5 Nd7 23. Ra8+ Nb8 24. Ba7 Qxc3 25. Be3 Bc7 26. Rc1 Qxc1+ 27. Bxc1 Rd6
28. Be3 Rhd8 29. Ba4 Rg6 30. Qxh5 Be4 31. f3 Bd3 32. Bb3 Rd7 33. Qh8+ Rd8 34.
Qh4 f5 35. Bg5 Bb6+ 36. Kh1 Rf8 37. Be7 Bf1 38. Ra2 Bd8 39. Qh7 Rh6 40. Qxg7
Rfh8 41. Bxd8 Kxd8 42. Rd2+ 1-0

[Event "39th Olympiad Women"]
[Site "Khanty-Mansiysk RUS"]
[Date "2010.09.27"]
[Round "6"]
[White "Kochetkova, Julia"]
[Black "Thorsteinsdottir, Hallgerdur"]
[Result "1/2-1/2"]
[WhiteTitle "WGM"]
[WhiteElo "2327"]
[BlackElo "1995"]
[Board "22.2"]
[WhiteTeam "SVK"]
[BlackTeam "ISL"]
[WhiteFideId "4139690"]
[BlackFideId "2302454"]
[EventDate "2010.09.21"]
[EventType "team"]

1. e4 c6 2. d4 d5 3. Nc3 dxe4 4. Nxe4 Bf5 5. Ng3 Bg6 6. h4 h6 7. Nf3 Nd7 8. h5
Bh7 9. Bd3 Bxd3 10. Qxd3 e6 11. Bd2 Ngf6 12. O-O-O Be7 13. Qe2 O-O 14. Nf1 c5
15. g4 Nh7 16. Kb1 Rc8 17. Ng3 cxd4 18. Nxd4 Nc5 19. Bc1 Qb6 20. Qb5 Qxb5 21.
Nxb5 a6 22. Nd4 Rfd8 23. Be3 Nf6 24. g5 Ng4 25. gxh6 Nxe3 26. fxe3 gxh6 27. c3
Rd5 28. Rhg1 Rg5 29. Nf3 Rg7 30. Ne2 Rd8 31. Rxg7+ Kxg7 32. Rg1+ Kf8 33. Ned4
Rd5 34. Rh1 Ne4 35. Kc2 Ng5 36. Nxg5 Bxg5 37. e4 Ra5 38. a3 Bf6 39. Nf3 Ke7 40.
e5 Bg7 41. b4 Rd5 42. c4 Rd8 43. Rg1 Kf8 44. Rd1 Rxd1 45. Kxd1 Ke7 46. Ke2 f6
47. Nd2 fxe5 48. Ne4 Kd7 49. Nc5+ Kc6 50. Nxe6 Bf6 51. Kd3 a5 52. Ke4 axb4 53.
axb4 Be7 54. b5+ Kd6 55. Ng7 Kc5 56. Nf5 Bg5 57. Kxe5 Kxc4 58. Nd6+ Kb4 59. b6
Ka5 60. Nxb7+ Kxb6 61. Nd6 Kc7 62. Ke6 Bc1 63. Nf7 Bd2 64. Ne5 Kd8 65. Kf7 Bc1
66. Nf3 Kd7 67. Kg7 Ke7 68. Nh4 Ke8 69. Nf5 Bd2 70. Nxh6 Bxh6+ 71. Kxh6 Kf8 1/2-1/2

[Event "39th Olympiad Women"]
[Site "Khanty-Mansiysk RUS"]
[Date "2010.09.27"]
[Round "6"]
[White "Fridthjofsdottir, Sigurl. Regina"]
[Black "Mrvova, Alena"]
[Result "0-1"]
[BlackTitle "WIM"]
[WhiteElo "1812"]
[BlackElo "2253"]
[Board "22.3"]
[WhiteTeam "ISL"]
[BlackTeam "SVK"]
[WhiteFideId "2300788"]
[BlackFideId "14902036"]
[EventDate "2010.09.21"]
[EventType "team"]

1. e4 c5 2. Nc3 e6 3. g3 Nc6 4. Bg2 Nf6 5. d3 Be7 6. f4 d5 7. e5 Nd7 8. Nf3 O-O
9. O-O a6 10. Kh1 b5 11. a3 Rb8 12. Ne2 f6 13. exf6 Nxf6 14. d4 Ne4 15. Be3 Bb7
16. dxc5 Nxc5 17. Bxc5 Bxc5 18. Ng5 Qf6 19. Qd3 g6 20. c3 Rfd8 21. Rad1 h6 22.
Nf3 Kg7 23. Ne5 Rd6 24. Nxc6 Bxc6 25. Nd4 Bd7 26. Rfe1 Bb6 27. Nf3 Rc8 28. Ne5
Be8 29. Bh3 Rc7 30. Rd2 Re7 31. Rde2 Ba7 32. Bg2 Qf5 33. Qd2 Qf6 34. h3 h5 35.
Kh2 Bb8 36. Qe3 Ba7 37. Qd2 Rc7 38. h4 Bc5 39. Bh3 Bb6 40. Nf3 Bd7 41. Ng5 Rcc6
42. Re5 d4 43. Ne4 dxc3 44. Qxd6 Rxd6 45. Nxf6 Kxf6 46. bxc3 Bc8 47. R1e2 Rc6
48. R5e4 Ba5 49. R4e3 Rd6 50. Rc2 Bb6 51. Rce2 Bxe3 52. Rxe3 Rd2+ 53. Kg1 Ra2
54. c4 bxc4 55. Rc3 Bb7 56. Rxc4 Rxa3 57. Rc2 Rxg3+ 58. Kh2 Ra3 59. Bf1 Bd5 60.
Bh3 Ra2 61. Rxa2 Bxa2 62. Bf1 a5 63. Bb5 Bb3 0-1

[Event "39th Olympiad Women"]
[Site "Khanty-Mansiysk RUS"]
[Date "2010.09.27"]
[Round "6"]
[White "Machalova, Veronika"]
[Black "Johannsdottir, Johanna Bjorg"]
[Result "1-0"]
[WhiteTitle "WFM"]
[WhiteElo "2229"]
[BlackElo "1781"]
[Board "22.4"]
[WhiteTeam "SVK"]
[BlackTeam "ISL"]
[WhiteFideId "14904888"]
[BlackFideId "2303108"]
[EventDate "2010.09.21"]
[EventType "team"]

1. e4 c5 2. Nf3 e6 3. d4 cxd4 4. Nxd4 a6 5. Bd3 Nf6 6. O-O Qc7 7. Qe2 d6 8. c4
Nbd7 9. Nc3 g6 10. Rd1 Bg7 11. Nf3 O-O 12. Bf4 Nh5 13. Bd2 b6 14. Rac1 Bb7 15.
b3 Rad8 16. Bg5 Nhf6 17. Bb1 Nc5 18. h3 Qb8 19. b4 Ncd7 20. Bf4 e5 21. Bg5 h6
22. Be3 Rfe8 23. Qd2 g5 24. a3 Bf8 25. Nh2 Qa8 26. Nd5 Nxd5 27. cxd5 Rc8 28.
Rxc8 Rxc8 29. h4 f6 30. Qe2 Rc3 31. Qh5 Rxa3 32. Ng4 Rb3 33. hxg5 hxg5 34. Qg6+
Bg7 35. Nh6+ Kh8 36. Nf7+ Kg8 37. Nxd6 Qf8 38. Nxb7 Qxb4 39. Qe8+ Nf8 40. Ba2
Rb2 41. d6+ Rxa2 42. d7 Qxe4 43. d8=Q Qxb7 44. Rd7 Ra1+ 45. Kh2 Qe4 46. Qf7+ 1-0

[Event "39th Olympiad Women"]
[Site "Khanty-Mansiysk RUS"]
[Date "2010.09.27"]
[Round "6"]
[White "Botsari, Anna-Maria"]
[Black "Kopinits, Anna-Christina"]
[Result "1/2-1/2"]
[WhiteTitle "WGM"]
[BlackTitle "WIM"]
[WhiteElo "2302"]
[BlackElo "2210"]
[Board "23.2"]
[WhiteTeam "GRE"]
[BlackTeam "AUT"]
[WhiteFideId "4200446"]
[BlackFideId "1614142"]
[EventDate "2010.09.21"]
[EventType "team"]

1. d4 Nf6 2. c4 e6 3. Nc3 Bb4 4. e3 d5 5. Ne2 O-O 6. a3 Bd6 7. c5 Be7 8. b4 c6
9. Ng3 b6 10. Bd3 a5 11. Bd2 Ba6 12. Bxa6 Rxa6 13. O-O Nbd7 14. Qc2 Qa8 15. Rab1
axb4 16. axb4 Rb8 17. f3 bxc5 18. bxc5 Rxb1 19. Rxb1 g6 20. Nge2 e5 21. Nc1 exd4
22. exd4 Ne8 23. Qb3 Ra7 24. N3e2 Nc7 25. Bf4 Ne6 26. Kf2 Nxf4 27. Nxf4 Bf6 28.
Nfe2 h5 29. Rb2 Kh7 30. g3 Qh8 31. Rd2 Qa8 32. Ra2 Rxa2 33. Qxa2 Qb7 34. Qa4 Nf8
35. Nb3 Ne6 36. Nec1 1/2-1/2

[Event "39th Olympiad Women"]
[Site "Khanty-Mansiysk RUS"]
[Date "2010.09.27"]
[Round "6"]
[White "Exler, Veronika"]
[Black "Makropoulou, Marina"]
[Result "0-1"]
[WhiteTitle "WFM"]
[BlackTitle "WGM"]
[WhiteElo "2130"]
[BlackElo "2230"]
[Board "23.3"]
[WhiteTeam "AUT"]
[BlackTeam "GRE"]
[WhiteFideId "1620550"]
[BlackFideId "4200187"]
[EventDate "2010.09.21"]
[EventType "team"]

1. e4 e5 2. Nf3 Nc6 3. Bb5 a6 4. Bxc6 dxc6 5. O-O Be6 6. Nxe5 Qd4 7. Nf3 Qxe4 8.
Ng5 Qg6 9. Nxe6 fxe6 10. d3 O-O-O 11. Nc3 Ne7 12. Bf4 Nf5 13. Be5 Bd6 14. Re1
Rhf8 15. Bxd6 cxd6 16. Ne4 e5 17. a4 h5 18. b4 Nd4 19. Nd2 h4 20. h3 Rf5 21. Re4
Qf6 22. f3 d5 23. Re1 Rg5 24. Kh1 Qg6 25. Rg1 Nf5 26. Nf1 e4 27. Rb1 e3 28. c3
d4 29. c4 Qe6 30. Rb2 Re8 31. Re2 Rh8 32. Qc2 Rgh5 33. Re1 Ng3+ 34. Nxg3 hxg3
35. Re2 Rxh3+ 36. gxh3 Qxh3+ 0-1

[Event "39th Olympiad Women"]
[Site "Khanty-Mansiysk RUS"]
[Date "2010.09.27"]
[Round "6"]
[White "Fakhiridou, Ekaterini"]
[Black "Newrkla, Katharina"]
[Result "1-0"]
[WhiteTitle "WIM"]
[BlackTitle "WFM"]
[WhiteElo "2208"]
[BlackElo "2123"]
[Board "23.4"]
[WhiteTeam "GRE"]
[BlackTeam "AUT"]
[WhiteFideId "4202848"]
[BlackFideId "1621629"]
[EventDate "2010.09.21"]
[EventType "team"]

1. e4 c5 2. Nf3 d6 3. d4 cxd4 4. Nxd4 Nf6 5. Nc3 a6 6. Bd3 Nc6 7. Nxc6 bxc6 8.
O-O e5 9. Kh1 Be7 10. f4 O-O 11. Qf3 Rb8 12. fxe5 dxe5 13. Nd1 a5 14. Ne3 Qc7
15. a4 Be6 16. Nf5 Bxf5 17. Qxf5 Rbd8 18. Bd2 c5 19. Bc3 c4 20. Bxe5 Qc6 21. Be2
Rd2 22. Bf3 Qc5 23. Qf4 Rfd8 24. Rac1 Rf2 25. Bc3 Rxf1+ 26. Rxf1 Re8 27. Rd1 Rd8
28. Rxd8+ Bxd8 29. Qd2 Bc7 30. e5 Ne8 31. Bd5 Bb6 32. Qd1 Nc7 33. Bxc4 Ne6 34.
Bxe6 fxe6 35. Qe1 h6 36. h3 h5 37. h4 Qd5 38. Kh2 Qc5 39. Kh3 Qc4 40. Qd1 Qxa4
41. Qxh5 Qxc2 42. Qe8+ Kh7 43. Qxe6 Qd3+ 44. Kh2 Bf2 45. Qg4 Qf1 46. Qf3 Qg1+
47. Kh3 Qh1+ 48. Kg4 Qxh4+ 49. Kf5 g6+ 50. Ke6 Qc4+ 51. Qd5 Qa6+ 52. Kd7 Bb6 53.
Qf7+ Kh6 54. Bd2+ g5 55. Qf6+ Kh7 56. Qf5+ Kh8 57. Qf6+ Kh7 58. Qc6 Qd3+ 59. Qd6
Qb5+ 60. Ke6 Qc4+ 61. Qd5 Qg4+ 62. Kf6 1-0

[Event "39th Olympiad Women"]
[Site "Khanty-Mansiysk RUS"]
[Date "2010.09.27"]
[Round "6"]
[White "Camacho, Chardine Cheradee"]
[Black "Guerrero Rodriguez, Alejandra"]
[Result "1-0"]
[WhiteTitle "WFM"]
[BlackTitle "WIM"]
[WhiteElo "2186"]
[BlackElo "2128"]
[Board "24.1"]
[WhiteTeam "PHI"]
[BlackTeam "MEX"]
[WhiteFideId "5201829"]
[BlackFideId "5104297"]
[EventDate "2010.09.21"]
[EventType "team"]

1. e4 e6 2. d4 d5 3. Nc3 Nf6 4. Bg5 Be7 5. e5 Nfd7 6. Bxe7 Qxe7 7. f4 a6 8. Qd2
Nb6 9. Nf3 Bd7 10. Bd3 Nc4 11. Bxc4 dxc4 12. O-O Bc6 13. f5 Bxf3 14. Rxf3 Nc6
15. fxe6 O-O-O 16. Rxf7 Qxe6 17. Raf1 Rxd4 18. Qg5 Rg4 19. Qf5 Qxf5 20. R1xf5
Re8 21. h3 Rg6 22. Nd5 Rxe5 23. Rxc7+ Kb8 24. Rf8+ Ka7 25. Nf4 Rgg5 26. Rff7 Rb5
27. Rxc6 Rxb2 28. Rxc4 Rxa2 29. Rb4 Rb5 30. Rxb5 axb5 31. Rc7 g5 32. Ne6 h6 33.
Nd8 Kb8 34. Rc5 Ra1+ 35. Kf2 Ra6 36. Rxb5 Rf6+ 37. Ke3 b6 38. Nf7 Rxf7 39. Rxb6+
Kc7 40. Rxh6 Re7+ 41. Kf3 Re5 42. Rg6 Rc5 43. g3 Kd7 44. Kg4 Ke7 45. Rxg5 Rxc2
46. Rf5 Ke6 47. Rf4 Rc5 48. h4 Rb5 49. h5 Rb1 50. h6 1-0

[Event "39th Olympiad Women"]
[Site "Khanty-Mansiysk RUS"]
[Date "2010.09.27"]
[Round "6"]
[White "Mendoza Velazquez, Lorena Alejan"]
[Black "Perena, Catherine"]
[Result "0-1"]
[WhiteTitle "WIM"]
[BlackTitle "WFM"]
[WhiteElo "2038"]
[BlackElo "2103"]
[Board "24.2"]
[WhiteTeam "MEX"]
[BlackTeam "PHI"]
[WhiteFideId "5101794"]
[BlackFideId "5202744"]
[EventDate "2010.09.21"]
[EventType "team"]

1. c4 Nf6 2. g3 e6 3. Bg2 d5 4. Nf3 Bd6 5. d4 O-O 6. O-O h6 7. b3 c6 8. Bb2 b6
9. Qc2 Bb7 10. Nbd2 c5 11. Rfd1 Qe7 12. Ne5 cxd4 13. Bxd4 Na6 14. e4 Nb4 15. Qb1
Qc7 16. Nd3 e5 17. Bb2 d4 18. Nxb4 Bxb4 19. Qd3 a5 20. h3 Nd7 21. Nf1 Bc6 22. g4
Rfe8 23. Ng3 Nc5 24. Qf3 Ne6 25. Ne2 Qb7 26. Bc1 a4 27. Rb1 axb3 28. axb3 Ra2
29. Ng3 Nc5 30. g5 hxg5 31. Bxg5 Rc2 32. Bf6 Re6 33. Bxg7 Kxg7 34. Nf5+ Kg8 35.
Qg3+ Rg6 36. Qxe5 Nxe4 37. Rxd4 Nf6 38. Rd8+ Kh7 0-1

[Event "39th Olympiad Women"]
[Site "Khanty-Mansiysk RUS"]
[Date "2010.09.27"]
[Round "6"]
[White "Cua, Shercila"]
[Black "Duran Juarez, Citlali"]
[Result "1-0"]
[WhiteTitle "WFM"]
[WhiteElo "2099"]
[BlackElo "1957"]
[Board "24.3"]
[WhiteTeam "PHI"]
[BlackTeam "MEX"]
[WhiteFideId "5202620"]
[BlackFideId "5104084"]
[EventDate "2010.09.21"]
[EventType "team"]

1. d4 Nf6 2. c4 c5 3. d5 b5 4. cxb5 a6 5. b6 e6 6. Nc3 exd5 7. Nxd5 Nxd5 8. Qxd5
Nc6 9. Bd2 Be7 10. Bc3 O-O 11. Rd1 Qxb6 12. e3 d6 13. Qe4 Bb7 14. Nf3 Ne5 15.
Qf4 Bf6 16. Be2 Rfe8 17. O-O Rad8 18. Rd2 Ng6 19. Qa4 Bxc3 20. bxc3 d5 21. Rfd1
Qc7 22. Rb1 Re4 23. Qb3 Ba8 24. Bxa6 Re6 25. Be2 h6 26. a4 Ne7 27. Qa3 Nf5 28.
Bd3 Nd6 29. Ne1 Ne4 30. Bxe4 Rxe4 31. a5 Rde8 32. Rb5 Rc4 33. Nd3 d4 34. Rxc5
Rxc5 35. Qxc5 dxe3 36. fxe3 Qb7 37. Nb4 Qe4 38. h3 Qb1+ 39. Kh2 Qe4 40. Rf2 Qe6
41. a6 Qxe3 42. Qxe3 Rxe3 43. Rd2 Kf8 44. Nd5 Re8 45. Nb6 Bc6 46. a7 Re3 47. Rd6
Bb7 48. Rd7 Bc6 49. Rc7 Re7 50. Rc8+ 1-0

[Event "39th Olympiad Women"]
[Site "Khanty-Mansiysk RUS"]
[Date "2010.09.27"]
[Round "6"]
[White "De La Parra Hurtado, Daniela"]
[Black "Jose, Rulp Ylem"]
[Result "0-1"]
[WhiteTitle "WCM"]
[WhiteElo "1887"]
[BlackElo "2039"]
[Board "24.4"]
[WhiteTeam "MEX"]
[BlackTeam "PHI"]
[WhiteFideId "5107369"]
[BlackFideId "5205026"]
[EventDate "2010.09.21"]
[EventType "team"]

1. d4 d5 2. c4 c6 3. Nc3 dxc4 4. a4 Nf6 5. e3 Bf5 6. Bxc4 e6 7. Nf3 Bb4 8. O-O
Qc7 9. Qb3 a5 10. Bd2 O-O 11. Rfe1 Nbd7 12. e4 Bxc3 13. exf5 Bxd2 14. Nxd2 e5
15. Rac1 exd4 16. Re7 Qf4 17. Bxf7+ Kh8 18. Qc2 Ne5 19. g3 Qxd2 20. Qxd2 Nf3+
21. Kg2 Nxd2 22. f3 Rxf7 23. Rxf7 Nb3 24. Re1 d3 25. Rxb7 Nc5 26. Rc7 d2 27. Rb1
Nxa4 28. Rxc6 Rd8 29. g4 Nxb2 0-1

[Event "39th Olympiad Women"]
[Site "Khanty-Mansiysk RUS"]
[Date "2010.09.27"]
[Round "6"]
[White "Cordero, Daniela"]
[Black "Zsiltzova-Lisenko, Lubov"]
[Result "1/2-1/2"]
[WhiteTitle "WIM"]
[BlackTitle "WIM"]
[WhiteElo "2055"]
[BlackElo "2282"]
[Board "25.1"]
[WhiteTeam "BOL"]
[BlackTeam "IBCA"]
[WhiteFideId "3301630"]
[BlackFideId "14101360"]
[EventDate "2010.09.21"]
[EventType "team"]

1. d4 d5 2. Nf3 Nf6 3. c4 dxc4 4. e3 Bg4 5. Bxc4 e6 6. Qb3 Bxf3 7. gxf3 b6 8.
Nc3 a6 9. Rg1 b5 10. Be2 Qd6 11. Rg2 Nbd7 12. a4 b4 13. Ne4 Qd5 14. Bc4 Qc6 15.
Nxf6+ Nxf6 16. e4 g6 17. Bg5 Be7 18. Bxf6 Bxf6 19. d5 Qd6 20. dxe6 O-O 21. exf7+
Kg7 22. Rd1 Qf4 23. Ke2 Rad8 24. Rgg1 Qxh2 25. Rh1 Qe5 26. Rxd8 Rxd8 27. Qxb4 a5
28. Qb3 Qxb2+ 29. Qxb2 Bxb2 30. f4 Ba3 31. Bd5 Rb8 32. Rh3 Rb2+ 33. Kf1 Bc5 34.
Rf3 c6 35. Bxc6 Kxf7 36. Kg2 Bd4 37. Kg3 Ke7 38. f5 g5 39. Kg4 Rxf2 40. Rxf2
Bxf2 41. Kxg5 Be3+ 42. Kh5 Kf6 43. Bd5 Bf4 44. Bg8 Be5 45. Bxh7 Bc3 46. Bg8 Bd4
47. Kg4 Be5 48. Kf3 Bd4 49. Kf4 Be5+ 50. Ke3 Ba1 51. Kd3 Bb2 52. Kc4 Be5 53. Kb5
Bc3 54. Kc4 Be5 55. Kb5 Bc3 56. Kc4 1/2-1/2

[Event "39th Olympiad Women"]
[Site "Khanty-Mansiysk RUS"]
[Date "2010.09.27"]
[Round "6"]
[White "Stolarczyk, Anna"]
[Black "Ramirez M., Eugenia"]
[Result "0-1"]
[WhiteTitle "WCM"]
[WhiteElo "2071"]
[BlackElo "2031"]
[Board "25.2"]
[WhiteTeam "IBCA"]
[BlackTeam "BOL"]
[WhiteFideId "1126423"]
[BlackFideId "3301680"]
[EventDate "2010.09.21"]
[EventType "team"]

1. d4 c5 2. d5 f5 3. c4 Nf6 4. g3 d6 5. Bg2 g6 6. Nc3 Bg7 7. Nf3 O-O 8. O-O Nbd7
9. Rb1 Rb8 10. Re1 a6 11. a4 Ng4 12. e4 Nde5 13. Qe2 Nxf3+ 14. Bxf3 Ne5 15. Bg2
fxe4 16. Nxe4 Bg4 17. Qc2 b5 18. cxb5 axb5 19. h3 Nf3+ 20. Bxf3 Bxf3 21. axb5
Rxb5 22. Qd3 Bxe4 23. Rxe4 Rb7 24. b3 Bd4 25. Be3 Bxe3 26. Rxe3 Rb4 27. Re4 Rb7
28. h4 Rf7 29. Kg2 Qf8 30. Rb2 Qg7 31. Ra2 Qf6 32. Rf4 Qe5 33. Re2 Rxb3 34. Qxb3
Qxe2 35. Qb8+ Kg7 36. Rxf7+ Kxf7 37. Qh8 Qh5 38. Kh3 Qf5+ 39. g4 Qf3+ 40. Kh2
Qxf2+ 41. Kh3 Qe3+ 42. Kg2 Qh6 43. Kg3 Qg7 44. Qa8 c4 45. Qc6 Qe5+ 46. Kf3 Qd4
47. h5 gxh5 48. gxh5 c3 49. h6 Qd1+ 50. Ke4 c2 51. Qc8 Qe1+ 52. Kf3 c1=Q 53.
Qf5+ Ke8 0-1

[Event "39th Olympiad Women"]
[Site "Khanty-Mansiysk RUS"]
[Date "2010.09.27"]
[Round "6"]
[White "Solis, Gabriela"]
[Black "Karsokaite, Irena"]
[Result "1-0"]
[WhiteElo "1934"]
[BlackElo "1660"]
[Board "25.3"]
[WhiteTeam "BOL"]
[BlackTeam "IBCA"]
[WhiteFideId "3301338"]
[BlackFideId "12805220"]
[EventDate "2010.09.21"]
[EventType "team"]

1. d4 Nf6 2. c4 e6 3. Nc3 d5 4. cxd5 exd5 5. Bg5 Be7 6. e3 c6 7. Qc2 O-O 8. Bd3
Nbd7 9. Nf3 Re8 10. O-O Nf8 11. h3 g6 12. Rab1 Ne6 13. Bxf6 Bxf6 14. b4 a6 15.
Na4 Ng5 16. Nxg5 Bxg5 17. Nc5 Bh4 18. a4 Qg5 19. Kh1 Qe7 20. b5 axb5 21. axb5
Qc7 22. Rfc1 Qd6 23. Rb2 Bd8 24. bxc6 bxc6 25. Nb7 Bxb7 26. Rxb7 Bc7 27. g3 Rab8
28. Rxb8 Rxb8 29. Qxc6 Qxc6 30. Rxc6 Ba5 31. Kg2 Rb2 32. Rc2 Rb3 33. Be2 Bc3 34.
Bf3 Ra3 35. Bxd5 Kf8 36. Ra2 Rxa2 37. Bxa2 Ke7 38. Kf3 f6 39. Bg8 h6 40. Ke2 Kd6
41. Bh7 g5 42. f3 Bb2 43. Kd3 Ba3 44. Ke4 Bc1 45. Bg6 Ke7 46. Kd3 Ba3 47. Kc4
Bd6 48. g4 Bg3 49. Kd5 Bh2 50. Bb1 Bg3 51. e4 Bh2 52. Bd3 Bf4 53. Bc4 Bg3 54. e5
fxe5 55. dxe5 Bf4 56. Ke4 Bg3 57. Kf5 Bf4 58. e6 Bd2 59. Kg6 Bc3 60. Kxh6 Bf6
61. Kg6 1-0

[Event "39th Olympiad Women"]
[Site "Khanty-Mansiysk RUS"]
[Date "2010.09.27"]
[Round "6"]
[White "Munguntuul, Batkhuyag"]
[Black "Muhandiram, R.m.m.u."]
[Result "1-0"]
[WhiteTitle "IM"]
[WhiteElo "2412"]
[BlackElo "1744"]
[Board "26.1"]
[WhiteTeam "MGL"]
[BlackTeam "SRI"]
[WhiteFideId "4900758"]
[BlackFideId "9904204"]
[EventDate "2010.09.21"]
[EventType "team"]

1. d4 Nf6 2. Nc3 d5 3. Bf4 Bf5 4. e3 e6 5. Bd3 g6 6. Be2 Ne4 7. Nb5 Na6 8. g4 g5
9. Be5 f6 10. gxf5 fxe5 11. Bh5+ Kd7 12. dxe5 c6 13. Nd4 exf5 14. Qf3 Qa5+ 15.
c3 Nxc3 16. Qxf5+ Kc7 17. Nb3 Qb4 18. bxc3 Qxc3+ 19. Kf1 Be7 20. Qe6 Bb4 21. Ne2
Qd3 22. Kg2 Rhf8 23. Rhf1 Qe4+ 24. Kg1 Rad8 25. a3 Qh4 26. Qg4 Qxg4+ 27. Bxg4
Be7 28. Ned4 Kb8 29. Ne6 Nc7 30. Nxd8 Bxd8 31. Nc5 Rf7 32. f4 b6 33. Nd7+ Kb7
34. e6 Re7 35. f5 Kc8 36. f6 Rxe6 37. Nf8 Kb8 38. Nxe6 Kc8 39. Nxd8+ Kxd8 40. f7
a5 41. f8=Q+ Ne8 42. Qf7 c5 43. Qd7# 1-0

[Event "39th Olympiad Women"]
[Site "Khanty-Mansiysk RUS"]
[Date "2010.09.27"]
[Round "6"]
[White "Basnayake, I.U."]
[Black "Enkhtuul, Altanulzii"]
[Result "0-1"]
[WhiteElo "1746"]
[BlackElo "2122"]
[Board "26.2"]
[WhiteTeam "SRI"]
[BlackTeam "MGL"]
[WhiteFideId "9901698"]
[BlackFideId "4901444"]
[EventDate "2010.09.21"]
[EventType "team"]

1. e4 Nf6 2. e5 Nd5 3. d4 d6 4. c4 Nb6 5. exd6 exd6 6. Nf3 Bg4 7. h3 Bh5 8. Be3
Be7 9. Bd3 Nc6 10. Na3 Bf6 11. Be2 O-O 12. O-O Bg6 13. Bd3 Bxd3 14. Qxd3 Re8 15.
Rab1 h6 16. b4 a5 17. b5 Ne7 18. Nc2 Qd7 19. Rfc1 Nf5 20. Bd2 d5 21. c5 Nc4 22.
Bc3 Re4 23. Rd1 Rae8 24. Nd2 Nxd2 25. Rxd2 b6 26. c6 Qc8 27. Rdd1 Nd6 28. Ne3
Qe6 29. Re1 Bg5 30. Ng4 Qf5 31. Rf1 h5 32. Nh2 Re2 33. Qxf5 Nxf5 34. Nf3 Bf6 35.
a4 Rc2 36. Rbc1 Ree2 37. g4 hxg4 38. hxg4 Nh4 39. Nxh4 Bxh4 40. Rfd1 Rxf2 41.
Bxa5 bxa5 42. b6 Bg3 43. b7 Rg2+ 44. Kh1 Rh2+ 45. Kg1 Rcg2+ 46. Kf1 Rb2 47. Kg1
Bf4 48. Rb1 Be3+ 49. Kf1 Rh1# 0-1

[Event "39th Olympiad Women"]
[Site "Khanty-Mansiysk RUS"]
[Date "2010.09.27"]
[Round "6"]
[White "Ankhchimeg, Bayanmunh"]
[Black "Senanayake, P.R."]
[Result "1-0"]
[WhiteTitle "WIM"]
[BlackTitle "WFM"]
[WhiteElo "2153"]
[BlackElo "1858"]
[Board "26.3"]
[WhiteTeam "MGL"]
[BlackTeam "SRI"]
[WhiteFideId "4900600"]
[BlackFideId "9900934"]
[EventDate "2010.09.21"]
[EventType "team"]

1. e4 c5 2. c3 d5 3. exd5 Qxd5 4. d4 e6 5. Nf3 Nf6 6. Be2 Nc6 7. O-O cxd4 8.
cxd4 g6 9. Nc3 Qd6 10. Nb5 Qd8 11. Bg5 Bg7 12. Ne5 a6 13. Nxc6 bxc6 14. Nc3 Qa5
15. Bf3 Bd7 16. Qd2 Qf5 17. Rfe1 Qa5 18. Qf4 Nd5 19. Bxd5 cxd5 20. Qd6 Bf8 21.
Qe5 f6 22. Qxf6 Qd8 23. Rxe6+ Bxe6 24. Qxe6+ Be7 25. Re1 Ra7 26. Nxd5 Qa5 27.
Bxe7 Qxe1+ 28. Qxe1 Kf7 29. Qe3 Re8 30. Qf4+ Kg7 31. Qf6+ Kg8 32. h4 Rd7 33.
Qe6+ Kh8 34. Bf6+ Rg7 35. Qxe8# 1-0